000 00266nam a2200109Ia 4500
008 190912s9999||||xx |||||||||||||| ||und||
100 _aSyed Ameer Ali
245 2 _aA Short History of the SARACENS
260 _aLahore
_bMcGraw-Hill
_c1993
300 _a640
942 _cBK
999 _c7395
_d7395